000 00559nam a22001697a 4500
003 OSt
005 20120302145841.0
008 090601t xxu||||| |||| 00| 0 eng d
035 _a४८२९
040 _cमराठी
100 _aपंडित, नलिनी
_95653
245 _aधर्म, शासन आणि समाज
250 _a१ ली
260 _aमुंबई
_bडी. डी. कोसंबी एज्युकेशन ट्रस्ट
_c१९८७
300 _b८१ पाने
942 _2ddc
_cBOOK
999 _c490743
_d490740